00397nam a2200145Ia 4500020001800000082001900018245003400037250000900071260002800080300001500108440004100123650003300164650003300197700002100230 a9781857436075 aRR 920.02 INT- 0aInternational who's who: 2012 a75th aLondonbRoutledgec2011 axxiv, 2410 aEuropa biographical reference series aCelebritiesvBiographyz2012 aBiographyvDirectoriesz2012 aElster, Robert J